| 000 | 00346nam a2200145Ia 4500 | ||
|---|---|---|---|
| 008 | 150201s2012 xx 000 0 und d | ||
| 082 |
_a616.01 _bP12B |
||
| 100 | _aBAVEJA , C. P | ||
| 245 | _aPRACTICAL MICROBIOLOGY FOR MBBS | ||
| 250 | _a3RD | ||
| 260 |
_bARYA _aDELHI _c2012 |
||
| 300 | _a1-142 | ||
| 650 | _aMICROBIOLOGY | ||
| 942 |
_2ddc _cBK _034 |
||
| 999 |
_c1425 _d1425 |
||